क्रांतिवीर सुभाष / (Record no. 151363)
[ view plain ]
| 000 -LEADER | |
|---|---|
| fixed length control field | 01219nam a22002537a 4500 |
| 005 - DATE AND TIME OF LATEST TRANSACTION | |
| control field | 20180418120246.0 |
| 008 - FIXED-LENGTH DATA ELEMENTS--GENERAL INFORMATION | |
| fixed length control field | 180418b xxu||||| |||| 00| 0 hin d |
| 010 ## - LCCN (DPL NO) | |
| LC control number | B-690402-403 |
| 020 ## - INTERNATIONAL STANDARD BOOK NUMBER | |
| International Standard Book Number | 8171825125 |
| Terms of availability | 95.00 |
| 035 ## - SYSTEM CONTROL NUMBER | |
| System control number | B-690402-403 |
| 037 ## - SOURCE OF ACQUISITION | |
| Source of stock number/acquisition | डायमंड |
| 040 ## - CATALOGING SOURCE | |
| Original cataloging agency | dpl |
| Language of cataloging | hn |
| 082 ## - DEWEY DECIMAL CLASSIFICATION NUMBER | |
| Classification number | 921 |
| 100 ## - MAIN ENTRY--PERSONAL NAME | |
| Personal name | अग्रवाल, गिरिराजशरण |
| 9 (RLIN) | 23953 |
| 245 ## - TITLE STATEMENT | |
| Title | क्रांतिवीर सुभाष / |
| Statement of responsibility, etc | गिरिराजशरण अग्रवाल |
| 260 ## - PUBLICATION, DISTRIBUTION, ETC. (IMPRINT) | |
| Place of publication, distribution, etc | नई दिल्ली |
| Name of publisher, distributor, etc | डायमंड पॉकेट बुक्स |
| Date of publication, distribution, etc | 2013 |
| 270 ## - ADDRESS | |
| Address | x-30, ओखला इंडस्ट्रियल एरिया, फेज-11 |
| City | नई दिल्ली |
| State or province | दिल्ली |
| Postal code | 110020 |
| 300 ## - PHYSICAL DESCRIPTION | |
| Extent | 141पृ |
| Dimensions | 22 सेमी (अजिल्द) |
| 500 ## - GENERAL NOTE | |
| General note | बलिदानी पुस्तक |
| 700 ## - ADDED ENTRY--PERSONAL NAME | |
| 9 (RLIN) | 23954 |
| 700 ## - ADDED ENTRY--PERSONAL NAME | |
| Personal name | अग्रवाल, गिरिराजशरण |
| 9 (RLIN) | 23955 |
| 942 ## - ADDED ENTRY ELEMENTS (KOHA) | |
| Institution code [OBSOLETE] | dpl |
| Item type | Hindi Books |
| Source of classification or shelving scheme | Dewey Decimal Classification |
| Classification part | 921 |
| Call number suffix | अग्रवा |
| Withdrawn status | Lost status | Source of classification or shelving scheme | Damaged status | Not for loan | Collection code | Home library | Current library | Date acquired | Source of acquisition | Cost, normal purchase price | Total Checkouts | Full call number | Barcode | Date last seen | Copy number | Cost, replacement price | Koha item type | Public note |
|---|---|---|---|---|---|---|---|---|---|---|---|---|---|---|---|---|---|---|
| Dewey Decimal Classification | Non-fiction | Central Library | Central Library | 18/04/2018 | डा.पॉ.बु. BL-16614/6.3.18/823/20.2.18/6.3.18 | 95.00 | 921 अग्रवा | B-690402 | 18/04/2018 | 1 | 95.00 | Hindi Books | बलिदानी | |||||
| Dewey Decimal Classification | Non-fiction | Sarojini Nagar | Sarojini Nagar | 18/04/2018 | डा.पॉ.बु. BL-16614/6.3.18/823/20.2.18/6.3.18 | 95.00 | 921 अग्रवा | B-690403 | 18/04/2018 | 1 | 95.00 | Hindi Books | बलिदानी |
